| 000 | 01427nam0a2200373 4500 | ||
|---|---|---|---|
| 001 | RU\NLR\BIBL_A\012640977 | ||
| 005 | 20211221094442.0 | ||
| 010 |
_a978-5-00167-243-2 _93000 |
||
| 021 |
_aRU _bКН-П-21-044646 _9КН-П-21-3519 |
||
| 035 | _a(NLR Aleph) 012640977 | ||
| 090 |
_a12695668 _c12695668 |
||
| 100 | _a20211112d2021 b y0rusy50 ca | ||
| 101 | 1 |
_arus _ceng |
|
| 102 | _aRU | ||
| 105 | _aa z 000ay | ||
| 181 | 0 |
_ai1 _baxxe |
|
| 181 | 0 |
_ab3 _bxb2e |
|
| 182 | 0 | _an | |
| 200 | 1 |
_aЛисёнок Лютер и летнее представление _a[для дошкольного возраста] _fДжулия Роулинсон и Тифани Бик _g[перевод с английского языка Алёны Щербаковой _gил. Тифани Бик] |
|
| 203 |
_aТекст _bвизуальный _cнепосредственный |
||
| 210 |
_aМосква _cСамокат _d2021 |
||
| 215 |
_a[28] с. _cцв. ил. _d25 |
||
| 225 | 1 | _aСерия "Лисёнок Лютер" | |
| 333 | _a0+ | ||
| 686 | 0 | _aШ9(4Вл)60-4 | |
| 700 | 1 |
_7ca _8rus _aРоулинсон _bД. _gДжулия _9229575 _3RU\NLR\AUTH\770229631 |
|
| 701 | 1 |
_aБик _bТ. _gТифани |
|
| 702 | 1 |
_aБик _bТ. _gТифани _4440 |
|
| 942 | _cBOOK | ||
| 980 | _aNB | ||